The use plant genetic resources
में बचाया:
| स्वरूप: | पुस्तक |
|---|---|
| भाषा: | Undetermined |
| प्रकाशित: |
Cambridge
Cambridge University Press
1989
|
| विषय: | |
| टैग : |
टैग जोड़ें
कोई टैग नहीं, इस रिकॉर्ड को टैग करने वाले पहले व्यक्ति बनें!
|
| Thư viện lưu trữ: | Trung tâm Học liệu Trường Đại học Cần Thơ |
|---|
| LEADER | 00481nam a2200169Ia 4500 | ||
|---|---|---|---|
| 001 | CTU_79981 | ||
| 008 | 210402s9999 xx 000 0 und d | ||
| 082 | |a 631.5233 | ||
| 082 | |b U84 | ||
| 245 | 4 | |a The use plant genetic resources | |
| 245 | 0 | |c A. H. D. Brown...[et al.] | |
| 260 | |a Cambridge | ||
| 260 | |b Cambridge University Press | ||
| 260 | |c 1989 | ||
| 650 | |a Germplasm resources plant | ||
| 904 | |i Trọng Hải | ||
| 980 | |a Trung tâm Học liệu Trường Đại học Cần Thơ | ||